[Event "Liechtenstein Seniors op 03rd"]
[Site "Triesen"]
[Date "2003.05.31"]
[Round "9"]
[White "Cherkasova, Eugenia"]
[Black "Nadenau, Oskar"]
[Result "1-0"]
[WhiteElo "2205"]
[BlackElo "1887"]
[PlyCount "64"]
[EventDate "2003.05.??"]
[EventType "swiss"]
[EventRounds "9"]
[EventCountry "LIE"]
[SourceTitle "EXT 2006"]
[Source "ChessBase"]
[SourceDate "2005.11.24"]
[SourceVersion "1"]
[SourceVersionDate "2005.11.24"]
[SourceQuality "1"]

1. e4 c5 2. Nc3 d6 3. f4 Nc6 4. Nf3 Nf6 5. Bb5 Bd7 6. 0-0 a6 7. Bxc6 Bxc6 8. d3 e6 9. e5 Nd7 10. exd6 Bxd6 11. Qe1 0-0 12. Ne5 Rc8 13. Qg3 Nf6 14. Be3 Nd5 15. Bd2 Ne7 16. Rae1 Nf5 17. Qf2 Qh4 18. Qxh4 Nxh4 19. Nxc6 Rxc6 20. Ne4 Nf5 21. g4 Nh6 22. h3 Be7 23. f5 exf5 24. gxf5 Bh4 25. Re2 f6 26. Bxh6 gxh6 27. Kg2 Kf7 28. Kf3 Rg8 29. Rd1 h5 30. d4 cxd4 31. Rxd4 Rc7 32. Nd6+ Kf8 1-0

[Event "Liechtenstein Seniors op 03rd"]
[Site "Triesen"]
[Date "2003.05.26"]
[Round "4"]
[White "Cherkasova, Eugenia"]
[Black "Klovans, Janis"]
[Result "1/2-1/2"]
[WhiteElo "2205"]
[BlackElo "2462"]
[PlyCount "106"]
[EventDate "2003.05.??"]
[EventType "swiss"]
[EventRounds "9"]
[EventCountry "LIE"]
[SourceTitle "EXT 2006"]
[Source "ChessBase"]
[SourceDate "2005.11.24"]
[SourceVersion "1"]
[SourceVersionDate "2005.11.24"]
[SourceQuality "1"]

1. e4 c5 2. Nc3 Nc6 3. g3 g6 4. Bg2 Bg7 5. d3 d6 6. Nge2 e6 7. Be3 Nd4 8. Qd2 Ne7 9. Nd1 Nec6 10. c3 Nxe2 11. Qxe2 Bd7 12. 0-0 0-0 13. f4 Qe7 14. Qf2 b6 15. Bf3 f5 16. Qg2 Rac8 17. Nf2 b5 18. Rfe1 b4 19. Rac1 bxc3 20. bxc3 Kh8 21. h3 Qf7 22. Kh2 Ne7 23. Re2 g5 24. c4 gxf4 25. Bxf4 e5 26. Bd2 f4 27. gxf4 exf4 28. Qg5 Nc6 29. Bh5 Qf6 30. Qxf6 Bxf6 31. Bxf4 Nd4 32. Rd2 Bh4 33. Bxd6 Bxf2 34. Bxf8 Rxf8 35. Rb2 Be3 36. Rcb1 Bf4+ 37. Kh1 Bxh3 38. Rf2 Kg7 39. Rb7+ Kh6 40. Bd1 Ne6 41. Rf3 Bg4 42. Rf1 Bxd1 43. Rxd1 Be3 44. Rxa7 Nd4 45. Re1 Bd2 46. Rg1 Rf3 47. Rgg7 Rxd3 48. Rxh7+ Kg5 49. Raf7 Kg4 50. Rhg7+ Bg5 51. Rf2 Ne6 52. Rg2+ Kh5 53. Rh2+ Kg4 1/2-1/2

[Event "Liechtenstein Seniors op 03rd"]
[Site "Triesen"]
[Date "2003.05.25"]
[Round "3"]
[White "Cherkasova, Eugenia"]
[Black "Adler, Wilfried"]
[Result "1/2-1/2"]
[WhiteElo "2205"]
[BlackElo "1983"]
[PlyCount "116"]
[EventDate "2003.05.??"]
[EventType "swiss"]
[EventRounds "9"]
[EventCountry "LIE"]
[SourceTitle "EXT 2006"]
[Source "ChessBase"]
[SourceDate "2005.11.24"]
[SourceVersion "1"]
[SourceVersionDate "2005.11.24"]
[SourceQuality "1"]

1. e4 c5 2. Nf3 Nc6 3. Bc4 Nf6 4. Nc3 d6 5. h3 e6 6. 0-0 a6 7. a4 Be7 8. d4 cxd4 9. Nxd4 Qc7 10. Nxc6 Qxc6 11. Bb5 axb5 12. axb5 Rxa1 13. bxc6 bxc6 14. f4 0-0 15. Qf3 Ba6 16. Rd1 d5 17. e5 Nd7 18. Bd2 Rxd1+ 19. Qxd1 Rb8 20. Bc1 c5 21. Kh2 Rb4 22. b3 g6 23. Bd2 Rd4 24. Qc1 Bf8 25. g4 Bg7 26. Be3 Rb4 27. Qa3 d4 28. Qxa6 dxe3 29. Qc8+ Nf8 30. Qxc5 Rxf4 31. Qxe3 Rb4 32. Qc5 Rb8 33. Kg2 Rd8 34. Ne4 Rd5 35. Qc8 Bxe5 36. Kf3 h6 37. b4 Kg7 38. Nc5 Bd6 39. Nd3 Rxd3+ 40. cxd3 Bxb4 41. Qc7 Bd2 42. h4 g5 43. Qe5+ Kg8 44. h5 Nh7 45. Qb8+ Nf8 46. d4 Bf4 47. Qd8 Kg7 48. d5 exd5 49. Qxd5 Nh7 50. Qd4+ Nf6 51. Ke2 Bc1 52. Kd3 Ba3 53. Qe5 Bc1 54. Kc4 Ba3 55. Kb5 Bf8 56. Kc6 Bb4 57. Kb7 Bf8 58. Kc8 Ba3 1/2-1/2

[Event "Liechtenstein Seniors op 03rd"]
[Site "Triesen"]
[Date "2003.05.24"]
[Round "2"]
[White "Schaad, Pierluigi"]
[Black "Cherkasova, Eugenia"]
[Result "0-1"]
[WhiteElo "1897"]
[BlackElo "2205"]
[PlyCount "118"]
[EventDate "2003.05.??"]
[EventType "swiss"]
[EventRounds "9"]
[EventCountry "LIE"]
[SourceTitle "EXT 2006"]
[Source "ChessBase"]
[SourceDate "2005.11.24"]
[SourceVersion "1"]
[SourceVersionDate "2005.11.24"]
[SourceQuality "1"]

1. Nf3 Nf6 2. g3 b6 3. Bg2 Bb7 4. 0-0 e6 5. c4 c5 6. Nc3 Be7 7. e3 0-0 8. b3 Na6 9. Bb2 Nc7 10. d4 Rb8 11. dxc5 Bxc5 12. Qc2 d5 13. Rfd1 Qe7 14. cxd5 Ncxd5 15. Nxd5 Bxd5 16. Ng5 g6 17. Bxd5 Nxd5 18. Ne4 f5 19. Nxc5 Qxc5 20. Qxc5 bxc5 21. Rac1 Rb5 22. Rd2 a5 23. Rc4 Rc8 24. Rh4 h5 25. e4 fxe4 26. Rxe4 Rc6 27. h4 Kf7 28. Kg2 Rb4 29. Re1 a4 30. Ba3 Rd4 31. Rxd4 cxd4 32. bxa4 Rc2 33. Ra1 e5 34. a5 Rc4 35. Bd6 Ke6 36. Bf8 Ra4 37. a3 Rxa5 38. Bh6 Kf5 39. Bg5 Ra4 40. Bh6 Nc3 41. f3 e4 42. fxe4+ Kxe4 43. Re1+ Kd5 44. Bf8 Ra6 45. Bb4 Kc4 46. Re8 Nd5 47. Bf8 Ne3+ 48. Kf2 Kd3 49. Rb8 Rf6+ 50. Kg1 Rf1+ 51. Kh2 Rf2+ 52. Kh1 Ra2 53. Rb6 Ke2 54. Rxg6 d3 55. Bb4 d2 56. Bxd2 Rxd2 57. Rg5 Kf3 58. Rxh5 Rd1+ 59. Kh2 Ng4+ 0-1

[Event "Merano Gold Cup 31st"]
[Site "Merano"]
[Date "2003.05.06"]
[Round "6"]
[White "Cherkasova, Eugenia"]
[Black "Bucher, Rolf"]
[Result "1-0"]
[WhiteElo "2206"]
[BlackElo "2049"]
[PlyCount "84"]
[EventDate "2003.05.??"]
[EventType "swiss"]
[EventRounds "9"]
[EventCountry "ITA"]
[SourceTitle "EXT 2006"]
[Source "ChessBase"]
[SourceDate "2005.11.24"]
[SourceVersion "1"]
[SourceVersionDate "2005.11.24"]
[SourceQuality "1"]

1. e4 g6 2. d4 Bg7 3. c3 d6 4. h3 Nf6 5. Bd3 e5 6. Nf3 Nbd7 7. Bc2 0-0 8. 0-0 Re8 9. Re1 h6 10. Nbd2 Nf8 11. dxe5 dxe5 12. Nc4 N6d7 13. Bb3 Qe7 14. Ne3 Nf6 15. Nd5 Qd6 16. c4 c6 17. c5 Qd8 18. Nc3 Be6 19. Be3 Qa5 20. Qc2 Qc7 21. Red1 Rad8 22. Rxd8 Rxd8 23. Rd1 Nh5 24. Ne2 Kh7 25. Rxd8 Qxd8 26. g4 Bxb3 27. Qxb3 Nf4 28. Bxf4 exf4 29. Kg2 Qe7 30. Nxf4 Qf6 31. Nd3 Ne6 32. Qxb7 Nd4 33. Nde5 Nxf3 34. Nxf3 Qe6 35. b3 a5 36. e5 Bf8 37. Qa7 a4 38. Qxa4 Bxc5 39. Qc4 Qe7 40. Nd2 Qxe5 41. Qxf7+ Kh8 42. Qxg6 Qf4 1-0

[Event "Merano Gold Cup 31st"]
[Site "Merano"]
[Date "2003.05.05"]
[Round "5"]
[White "Stark, Ingo"]
[Black "Cherkasova, Eugenia"]
[Result "1/2-1/2"]
[WhiteElo "2096"]
[BlackElo "2206"]
[PlyCount "115"]
[EventDate "2003.05.??"]
[EventType "swiss"]
[EventRounds "9"]
[EventCountry "ITA"]
[SourceTitle "EXT 2006"]
[Source "ChessBase"]
[SourceDate "2005.11.24"]
[SourceVersion "1"]
[SourceVersionDate "2005.11.24"]
[SourceQuality "1"]

1. e4 d5 2. exd5 Nf6 3. d4 Nxd5 4. Nf3 g6 5. c4 Nb6 6. h3 Bg7 7. Be3 0-0 8. Nc3 Nc6 9. Qd2 e5 10. d5 Ne7 11. g4 f5 12. Bh6 Nd7 13. Bxg7 Kxg7 14. Be2 Ng8 15. 0-0-0 a6 16. Rdg1 f4 17. Ne4 Qe7 18. Qc3 b5 19. b3 bxc4 20. Bxc4 Re8 21. Re1 h6 22. Re2 Bb7 23. Rhe1 Rad8 24. Ned2 Qf6 25. Kc2 Nb6 26. Rxe5 Rxe5 27. Qxe5 Qxe5 28. Rxe5 Nxd5 29. Ne4 Nb4+ 30. Kc3 Nxa2+ 31. Kb2 Nb4 32. Kc3 Nd5+ 33. Kb2 Nde7 34. Ne1 Rd6 35. Nc5 Bc8 36. Ned3 g5 37. Ne4 Rb6 38. Ndc5 Ng6 39. Rd5 N8e7 40. Rd8 Ne5 41. Be2 a5 42. Kc2 N5c6 43. Rd2 Nb4+ 44. Kc1 Be6 45. Nxe6+ Rxe6 46. f3 Ned5 47. Bc4 c6 48. h4 gxh4 49. Rh2 Re5 50. Rxh4 Ne3 51. Be2 Rd5 52. Rh1 Kg6 53. Kb2 Nd3+ 54. Kc3 Ne5 55. Ra1 Kg7 56. Rb1 Nd7 57. Ra1 Nb6 58. Bd3 1/2-1/2

[Event "Wch Seniors (Women) 12th"]
[Site "Naumburg"]
[Date "2002.11.01"]
[Round "10"]
[White "Cherkasova, Eugenia"]
[Black "Khmiadashvili, Tamari"]
[Result "1/2-1/2"]
[WhiteElo "2183"]
[BlackElo "2330"]
[PlyCount "117"]
[EventDate "2002.10.21"]
[EventType "swiss"]
[EventRounds "11"]
[EventCountry "GER"]
[SourceTitle "EXT 2006"]
[Source "ChessBase"]
[SourceDate "2005.11.24"]
[SourceVersion "1"]
[SourceVersionDate "2005.11.24"]
[SourceQuality "1"]

1. e4 c6 2. d4 g6 3. Nf3 Bg7 4. Be2 d5 5. exd5 cxd5 6. 0-0 Nf6 7. c3 0-0 8. Bf4 Nh5 9. Bd2 Nc6 10. Na3 Nf6 11. Bd3 Ne8 12. Qc1 Bg4 13. Ne1 e5 14. h3 Be6 15. dxe5 Nxe5 16. Bg5 f6 17. Be3 Nd6 18. Bd4 Qd7 19. Qd1 Nec4 20. Nxc4 dxc4 21. Be2 Rfd8 22. Nf3 Qc7 23. Qc1 Nf5 24. Re1 Bf7 25. Bf1 b5 26. a4 b4 27. a5 Rab8 28. g4 Nxd4 29. Nxd4 bxc3 30. bxc3 Re8 31. Rxe8+ Rxe8 32. Qd2 Bf8 33. a6 Bc5 34. Bg2 Qd6 35. Nf3 Rd8 36. Qxd6 Rxd6 37. Bf1 Bb6 38. Be2 Re6 39. Kf1 Rc6 40. Nd2 Kg7 41. Ra4 f5 42. gxf5 gxf5 43. Nxc4 Bc7 44. Ke1 f4 45. Kd2 Kf6 46. Kc2 Be6 47. Bd3 h5 48. h4 Bf5 49. Nd2 Be5 50. Nc4 Bc7 51. Nd2 Bxd3+ 52. Kxd3 Kf5 53. f3 Rg6 54. Ke2 Rg2+ 55. Ke1 Rh2 56. Ne4 Bb6 57. Nd6+ Ke5 58. Nc8 Be3 59. Ra5+ 1/2-1/2

[Event "Wch Seniors (Women) 12th"]
[Site "Naumburg"]
[Date "2002.10.29"]
[Round "7"]
[White "Blagonadezhnaya, Idea"]
[Black "Cherkasova, Eugenia"]
[Result "0-1"]
[WhiteElo "2026"]
[BlackElo "2183"]
[PlyCount "118"]
[EventDate "2002.10.21"]
[EventType "swiss"]
[EventRounds "11"]
[EventCountry "GER"]
[SourceTitle "EXT 2006"]
[Source "ChessBase"]
[SourceDate "2005.11.24"]
[SourceVersion "1"]
[SourceVersionDate "2005.11.24"]
[SourceQuality "1"]

1. e4 d5 2. exd5 Nf6 3. Nc3 Nxd5 4. d4 g6 5. Nf3 Bg7 6. Be2 0-0 7. 0-0 Nxc3 8. bxc3 c5 9. Be3 Nd7 10. Qd2 Nf6 11. Bh6 Ne4 12. Qe3 Nxc3 13. Bxg7 Nxe2+ 14. Qxe2 Kxg7 15. Qe5+ f6 16. Qxc5 b6 17. Qb4 Qd6 18. a3 Bg4 19. Rfe1 Rf7 20. Re3 Rc8 21. c3 h5 22. Nd2 Qd7 23. Rae1 Rc7 24. h3 Bf5 25. Nf3 g5 26. Qb2 b5 27. Nd2 Qd5 28. Nb3 Bc8 29. Nc5 e5 30. f3 a6 31. Re4 Rc6 32. g4 exd4 33. cxd4 f5 34. R4e3 hxg4 35. hxg4 Rh6 36. Re7 Qxf3 37. d5+ Rhf6 38. Ne6+ Bxe6 39. R1xe6 fxg4 40. d6 Qf1+ 41. Kh2 Qh3+ 42. Kg1 Qg3+ 43. Kh1 Qf3+ 44. Kg1 g3 45. Rxf6 Qxf6 46. Qxf6+ Kxf6 47. Re3 Rd7 48. Rd3 Ke5 49. Rxg3 Rxd6 50. Rxg5+ Kd4 51. Kf2 Re6 52. Rg4+ Kc3 53. Rg3+ Kb2 54. Rd3 Rc6 55. a4 b4 56. Ke1 b3 57. Kd1 Ka2 58. a5 b2 59. Rd2 Ka1 0-1

[Event "Wch Seniors (Women) 12th"]
[Site "Naumburg"]
[Date "2002.10.28"]
[Round "6"]
[White "Purevdorj, Bujinlkhoun"]
[Black "Cherkasova, Eugenia"]
[Result "0-1"]
[WhiteElo "1998"]
[BlackElo "2183"]
[PlyCount "43"]
[EventDate "2002.10.21"]
[EventType "swiss"]
[EventRounds "11"]
[EventCountry "GER"]
[SourceTitle "EXT 2006"]
[Source "ChessBase"]
[SourceDate "2005.11.24"]
[SourceVersion "1"]
[SourceVersionDate "2005.11.24"]
[SourceQuality "1"]

1. e4 c5 2. Nf3 a6 3. d4 cxd4 4. Nxd4 Nf6 5. Nc3 e5 6. Nb3 Bb4 7. a3 Bxc3+ 8. bxc3 0-0 9. Bg5 h6 10. Bxf6 Qxf6 11. c4 d6 12. Qd2 Nc6 13. Rd1 Rd8 14. Be2 Qg6 15. Bf3 Be6 16. Qd3 a5 17. c3 Ne7 18. Nd2 d5 19. Qb1 dxe4 20. Be2 Nc6 21. Nxe4 f5 22. Ng3 0-1

[Event "Lipperland Seniors op 1st"]
[Site "Doerentrup"]
[Date "2002.05.26"]
[Round "2"]
[White "Heissenbuettel, Hans Erich"]
[Black "Cherkasova, Eugenia"]
[Result "0-1"]
[WhiteElo "1930"]
[BlackElo "2175"]
[PlyCount "68"]
[EventDate "2002.05.??"]
[EventType "swiss"]
[EventRounds "9"]
[EventCountry "GER"]
[SourceTitle "EXT 2006"]
[Source "ChessBase"]
[SourceDate "2005.11.24"]
[SourceVersion "1"]
[SourceVersionDate "2005.11.24"]
[SourceQuality "1"]

1. c4 e5 2. Nc3 d6 3. Nf3 f5 4. d3 c6 5. g3 Nf6 6. Bg2 Be7 7. c5 Be6 8. Ng5 Bg8 9. cxd6 Bxd6 10. Bd2 Nbd7 11. Qc2 h6 12. Nf3 Be6 13. a3 0-0 14. b4 Qe7 15. Nh4 Qf7 16. Qb2 Nb6 17. b5 c5 18. a4 Rab8 19. Nf3 e4 20. Ng1 Nbd5 21. Nxd5 Bxd5 22. dxe4 fxe4 23. f3 Rbe8 24. 0-0-0 Bb3 25. Re1 Qc4+ 26. Kb1 Be5 27. Rc1 Qxa4 28. Bc3 Bxc3 29. Rxc3 c4 30. Nh3 Nd5 31. Rxb3 cxb3 32. fxe4 Ne3 33. Bf3 Nc4 34. Qa1 Nd2+ 0-1

[Event "RUS-ch U18 Girls"]
[Site "Kolontaevo"]
[Date "1998.??.??"]
[Round "?"]
[White "Ovod, Evgenija"]
[Black "Cherkasova, Eugenia"]
[Result "1/2-1/2"]
[WhiteElo "2375"]
[BlackElo "2135"]
[PlyCount "100"]
[EventDate "1998.??.??"]
[EventType "swiss"]
[EventRounds "9"]
[EventCountry "RUS"]
[SourceTitle "EXT 2000"]
[Source "ChessBase"]
[SourceDate "1999.11.16"]
[SourceVersion "1"]
[SourceVersionDate "1999.11.16"]
[SourceQuality "1"]

1. d4 Nf6 2. c4 g6 3. Nc3 Bg7 4. e4 d6 5. Nf3 0-0 6. Be2 e5 7. 0-0 Nc6 8. d5 Ne7 9. Ne1 Nd7 10. Be3 f5 11. f3 f4 12. Bf2 g5 13. a4 h5 14. a5 Ng6 15. c5 Nf6 16. cxd6 cxd6 17. Nb5 g4 18. Bxa7 g3 19. Bb6 gxh2+ 20. Kh1 Qe7 21. Nc7 Rb8 22. Ba7 Qxc7 23. Rc1 Qe7 24. Bxb8 Nd7 25. Ba7 Qg5 26. Rf2 h4 27. Bf1 Nf6 28. Rfc2 Nh5 29. Nd3 Bd7 30. Nf2 h3 31. Nxh3 Ng3+ 32. Kxh2 Qh5 33. Rc7 Nxf1+ 34. Qxf1 Bxh3 35. gxh3 Nh4 36. R1c3 Rf6 37. Rxb7 Rg6 38. Rb8+ Kh7 39. Bf2 Nxf3+ 40. Rxf3 Qxf3 41. a6 Bf6 42. a7 Bh4 43. a8Q Bg3+ 44. Bxg3 fxg3+ 45. Kg1 Qe3+ 46. Kh1 g2+ 47. Qxg2 Qe1+ 48. Kh2 Rxg2+ 49. Kxg2 Qe2+ 50. Kg3 Qe3+ 1/2-1/2

[Event "Polanica Zdroj op"]
[Site "Polanica Zdroj"]
[Date "1998.??.??"]
[Round "?"]
[White "Pichugin, Alexandr"]
[Black "Cherkasova, Eugenia"]
[Result "1-0"]
[WhiteElo "2280"]
[BlackElo "2135"]
[PlyCount "63"]
[EventDate "1998.??.??"]
[EventType "swiss"]
[EventRounds "10"]
[EventCountry "POL"]
[SourceTitle "EXT 2003"]
[Source "ChessBase"]
[SourceDate "2002.11.25"]
[SourceVersion "1"]
[SourceVersionDate "2002.11.25"]
[SourceQuality "1"]

1. d4 Nf6 2. c4 g6 3. Nc3 Bg7 4. Nf3 0-0 5. Bf4 d6 6. h3 Nbd7 7. e3 Re8 8. Be2 h6 9. 0-0 Nh7 10. Qc2 e5 11. dxe5 dxe5 12. Bh2 Nhf6 13. Rfd1 e4 14. Nd2 Qe7 15. Nd5 Nxd5 16. cxd5 Nb6 17. Nc4 Qg5 18. Bf4 Qh4 19. Bxc7 Nxc4 20. Bxc4 Be5 21. Bf1 Bg4 22. Bxe5 Bxd1 23. Qc3 Qg5 24. Bh8 f6 25. Bxf6 Qf5 26. Rxd1 Rac8 27. Qd4 Rf8 28. Bh4 Rc2 29. d6 g5 30. Bg3 Qd7 31. Bc4+ Kh7 32. Qxe4+ 1-0

[Event "Poznan Pocztowiec-ch"]
[Site "Poznan"]
[Date "1997.??.??"]
[Round "9"]
[White "Schmidt, Wlodzimierz"]
[Black "Cherkasova, Eugenia"]
[Result "1-0"]
[WhiteElo "2430"]
[BlackElo "2225"]
[PlyCount "69"]
[EventDate "1997.??.??"]
[EventType "tourn"]
[EventRounds "9"]
[EventCountry "POL"]
[EventCategory "3"]
[SourceTitle "EXT 2006"]
[Source "ChessBase"]
[SourceDate "2005.11.24"]
[SourceVersion "1"]
[SourceVersionDate "2005.11.24"]
[SourceQuality "1"]

1. Nf3 f5 2. d4 g6 3. b3 Bg7 4. Bb2 c5 5. e3 Nc6 6. Be2 b6 7. 0-0 Bb7 8. c4 d6 9. Ng5 Qc8 10. f4 Nf6 11. d5 Nd8 12. Nc3 0-0 13. Bf3 h6 14. Nh3 e6 15. Nb5 Qd7 16. dxe6 Nxe6 17. Bxb7 Qxb7 18. Nxd6 Qe7 19. Nb5 Rad8 20. Qc2 Ng4 21. Bxg7 Qxg7 22. Rae1 Rfe8 23. Nc3 Nc7 24. Rf3 Re6 25. Nf2 Nxf2 26. Rxf2 Rde8 27. Rfe2 a6 28. a4 Qd7 29. h3 Qd6 30. Kh1 h5 31. Rd1 Qe7 32. Rd3 Qh4 33. Qd2 g5 34. Rd7 R8e7 35. Rxc7 1-0

[Event "Wisla op (Women)"]
[Site "Warsaw"]
[Date "1995.??.??"]
[Round "?"]
[White "Baklanova, Tatiana"]
[Black "Cherkasova, Eugenia"]
[Result "0-1"]
[WhiteElo "2185"]
[BlackElo "2250"]
[PlyCount "64"]
[EventDate "1995.??.??"]
[EventType "swiss"]
[EventRounds "9"]
[EventCountry "POL"]
[SourceTitle "EXT 2006"]
[Source "ChessBase"]
[SourceDate "2005.11.24"]
[SourceVersion "1"]
[SourceVersionDate "2005.11.24"]
[SourceQuality "1"]

1. e4 c5 2. Nf3 e6 3. d4 cxd4 4. Nxd4 Nf6 5. Nc3 Bb4 6. e5 Nd5 7. Qg4 Kf8 8. Bd2 Bxc3 9. bxc3 Qc7 10. Qg3 Nc6 11. Nxc6 dxc6 12. c4 Ne7 13. Bd3 c5 14. 0-0 Bd7 15. Rfe1 Bc6 16. Rad1 h6 17. Qe3 b6 18. Be4 Qb7 19. Bxc6 Qxc6 20. Bc1 Nf5 21. Qd3 Ke7 22. Bb2 Rhd8 23. Qa3 Qe4 24. Qb3 Rxd1 25. Rxd1 Rd8 26. Rf1 g5 27. Qc3 Nd4 28. Qh3 Ne2+ 29. Kh1 Nf4 30. Qg3 Qxc4 31. Re1 Qxc2 32. Ba3 Rd1 0-1